| 000 | 01127naa a22003017a 4500 | ||
|---|---|---|---|
| 001 | BR7502383 | ||
| 003 | BR-BrBNA | ||
| 005 | 20240918173724.0 | ||
| 007 | ta | ||
| 008 | 230509b bl.||||| |||| 00| 0 por d | ||
| 040 |
_aBR-BrBNA _bpor _cBiblioteca Nacional de Agricultura |
||
| 041 | _a(Pt) | ||
| 072 |
_aD50; M00 _b/GZ56 |
||
| 090 | _aD50 BR7502383 | ||
| 100 | 1 | _aBurke, W.T. | |
| 245 | 1 | _aAlgumas ideias sobre pescas e uma nova Conferencia sobre Direito do Mar [Administracao pesqueira] | |
| 260 | 3 |
_aSao Paulo, SP (Brasil): _c1975. |
|
| 500 | _aRothschild, B.J. (comp.) A pesca: seus recursos e interesses nacionais Sao Paulo, SP (Brasil): 1975. p. 72-93 (BR7502383-AM)D50 | ||
| 650 | _aLegislacao | ||
| 650 | _aPesca | ||
| 650 | _aMar | ||
| 650 |
_aDireito _93 |
||
| 650 | _aAdministracao pesqueira | ||
| 650 | _aPolitica economica | ||
| 773 | 0 |
_tA pesca: seus recursos e interesses nacionais _aRothschild, B.J. (comp.). Instituicao Brasileira de Difusao Cultural S.A., Sao Paulo, SP _wD50 BR7502383 _gSao Paulo, SP (Brasil), 1975. p. 72-93 |
|
| 909 |
_a202404 _bLucia _c55 _dLucia Elande |
||
| 942 |
_cAM _2AGRIS |
||
| 999 |
_c306443 _d306443 |
||